000 00528nam a22001815i 4500
999 _c14375
_d14375
005 20260214113959.0
008 260110s2024 enu 000 0 eng
020 _a9781350471283
040 _aDLC
_beng
_erda
_cDLC
042 _apcc
082 _a150.1952
100 1 _aRendell, Jane
_eauthor,
245 1 4 _aThe Architecture of Psychoanalysis :
_bSpaces of Transition /
_cJane Rendell.
300 _a297 pages ;
_c24 cm.
906 _a0
_bibc
_corignew
_d2
_encip
_f20
_gy-gencatlg
942 _2ddc